Inquiry into race discrimination in the construction industry (Record no. 112353)
[ view plain ]
| 000 -LEADER | |
|---|---|
| fixed length control field | 01380cad a22002295a 4500 |
| 001 - CONTROL NUMBER | |
| control field | L153065 |
| 008 - FIXED-LENGTH DATA ELEMENTS--GENERAL INFORMATION | |
| fixed length control field | 110601e20100219xxk f 000 0 eng d |
| 035 ## - SYSTEM CONTROL NUMBER | |
| System control number | (Sirsi) u153065 |
| 041 0# - LANGUAGE CODE | |
| Language code of text/sound track or separate title | eng |
| 110 2# - MAIN ENTRY--CORPORATE NAME | |
| Corporate name or jurisdiction name as entry element | Equality and Human Rights Commission |
| 9 (RLIN) | 5366 |
| 245 00 - TITLE STATEMENT | |
| Title | Inquiry into race discrimination in the construction industry |
| Remainder of title | action plan |
| Medium | [electronic resource] |
| 260 ## - PUBLICATION, DISTRIBUTION, ETC. | |
| Date of publication, distribution, etc. | 2010 |
| 520 ## - SUMMARY, ETC. | |
| Summary, etc. | The Equality and Human Rights Commission outlines its approach to the implementation of key actions from the Race and Construction Inquiry. The Inquiry took place between January and July 2009 and focused on the under-representation of nonwhite ethnic minorities across the construction industry. This paper is aimed at industry leaders of both large companies and small and medium enterprises (SMEs). The objective is to increase the number of employment opportunities for under-represented groups and diversify the supply chain in procurement. |
| 590 ## - LOCAL NOTE (RLIN) | |
| Local note | KA |
| 651 #4 - SUBJECT ADDED ENTRY--GEOGRAPHIC NAME | |
| Geographic name | United Kingdom |
| Chronological subdivision | |
| 690 ## - LOCAL SUBJECT ADDED ENTRY--TOPICAL TERM (OCLC, RLIN) | |
| Topical term or geographic name as entry element | BUILT ENVIRONMENT |
| 690 ## - LOCAL SUBJECT ADDED ENTRY--TOPICAL TERM (OCLC, RLIN) | |
| Topical term or geographic name as entry element | MANAGEMENT-BUSINESS MANAGEMENT-DISCRIMINATION-RACE DISCRIMINATION |
| 690 ## - LOCAL SUBJECT ADDED ENTRY--TOPICAL TERM (OCLC, RLIN) | |
| Topical term or geographic name as entry element | ORGANISATION AND MANAGEMENT OF CONSTRUCTION |
| 690 ## - LOCAL SUBJECT ADDED ENTRY--TOPICAL TERM (OCLC, RLIN) | |
| Topical term or geographic name as entry element | TRAINING AND CAREER DEVELOPMENT |
| 856 40 - ELECTRONIC LOCATION AND ACCESS | |
| Uniform Resource Identifier | <a href="https://www.equalityhumanrights.com/uploaded_files/action_plan_v3.pdf">https://www.equalityhumanrights.com/uploaded_files/action_plan_v3.pdf</a> |
| Public note | View the item free of charge at www.equalityhumanrights.com |
| 942 ## - ADDED ENTRY ELEMENTS (KOHA) | |
| Suppress in OPAC | 0 |
| Withdrawn status | Lost status | Source of classification or shelving scheme | Damaged status | Not for loan | Home library | Current library | Shelving location | Date acquired | Total Checkouts | Full call number | Barcode | Date last seen | Copy number | Price effective from | Koha item type |
|---|---|---|---|---|---|---|---|---|---|---|---|---|---|---|---|
| Dewey Decimal Classification | Virtual | Virtual | Online | 01/06/2011 | ONLINE PUBLICATION | 153065-2001 | 06/08/2019 | 1 | 06/08/2019 | Book |